The missionary family (Record no. 10161)

000 -LEADER
fixed length control field 00731nam a2200205 a 4500
001 - CONTROL NUMBER
control field :::00007946$&:&@@
003 - CONTROL NUMBER IDENTIFIER
control field OkBaRHE
005 - DATE AND TIME OF LATEST TRANSACTION
control field 20100401153308.0
008 - FIXED-LENGTH DATA ELEMENTS--GENERAL INFORMATION
fixed length control field s1983 j 000 0 eng u
020 ## - INTERNATIONAL STANDARD BOOK NUMBER
International Standard Book Number 0878081933 (pbk.)
040 ## - CATALOGING SOURCE
Transcribing agency
100 1# - MAIN ENTRY--PERSONAL NAME
Personal name Kenney, Betty Jo, 1928-
245 14 - TITLE STATEMENT
Title The missionary family
Statement of responsibility, etc Betty Jo Kenney.
260 ## - PUBLICATION, DISTRIBUTION, ETC. (IMPRINT)
Place of publication, distribution, etc Pasadena, Calif.
Name of publisher, distributor, etc W. Carey Library
Date of publication, distribution, etc 1983
300 ## - PHYSICAL DESCRIPTION
Extent x, 110 p. ;
Dimensions 22 cm.
650 ## - SUBJECT ADDED ENTRY--TOPICAL TERM
Topical term or geographic name as entry element Missionaries
General subdivision Family relationships.
942 ## - ADDED ENTRY ELEMENTS (KOHA)
Source of classification or shelving scheme
Koha item type Books
Copies
Shelving location Source of classification or shelving scheme Withdrawn status Barcode Not for loan Koha item type Copy number Full call number Lost status Damaged status Date acquired Date last seen Price effective from Permanent Location
General Stacks  7946 Books1BV 2063 .K46 1983  2010-04-142010-04-142010-04-14RHEMA Bible Training College
General Stacks  16086 Books2BV 2063 .K46 1983  2010-04-142010-04-142010-04-14RHEMA Bible Training College